000 00577nam a22001937a 4500
005 20251108165912.0
008 250721s1981 xx 000 0 ara d
082 1 4 _aط/599/بار
100 1 _aباركر، برتاموريس
245 1 0 _aحيوانات نعرفها /
250 _aط5
264 1 _aالقاهرة :
_bدار المعارف،
_c1981.
300 _a35ص : مص
490 0 _aمجموعة الكتب العلمية المبسطة ؛ 1
650 1 7 _aالحيوانات
700 1 _aزكي، أحمد
_eترجمة
942 _2ddc
_cBK
999 _c34344
_d34344